Central Library OPAC University of Rajshahi

Buddhism in East Asia : (Record no. 57021)

MARC details
000 -LEADER
fixed length control field 00755nam a2200229 a 4500
001 - CONTROL NUMBER
control field 57021
003 - CONTROL NUMBER IDENTIFIER
rucl marc code BD-RJUL
005 - DATE AND TIME OF LATEST TRANSACTION
control field 20211209080447.0
008 - FIXED-LENGTH DATA ELEMENTS--GENERAL INFORMATION
fixed length control field 161205s1966 ii ab 001 0 eng d
035 ## - SYSTEM CONTROL NUMBER
System control number (BD-RJUL)57145
040 ## - CATALOGING SOURCE
Original cataloging agency OBE
Transcribing agency OBE
Modifying agency OCL
-- BD-RJUL
Language of cataloging eng
041 ## - LANGUAGE CODE
Language code of text/sound track or separate title eng
082 ## - DEWEY DECIMAL CLASSIFICATION NUMBER
Edition number 23
Classification number 294.3095
Author mark and year DUB 1966
100 10 - MAIN ENTRY--PERSONAL NAME
Personal name Dutt, Sukumar,
Dates associated with a name 1891-
9 (RLIN) 169432
245 10 - TITLE STATEMENT
Title Buddhism in East Asia :
Remainder of title an outline of Buddhism in the history and culture of the peoples of East Asia /
Statement of responsibility, etc. Sukumar Dutt.
260 ## - PUBLICATION, DISTRIBUTION, ETC. (IMPRINT)
Place of publication, distribution, etc. India :
Name of publisher, distributor, etc. Indian council for Cultural Relation,
Date of publication, distribution, etc. 1966.
300 ## - PHYSICAL DESCRIPTION
Pagination vii, 225 p. :
Illustrations ill. ;
Size 24 cm.
500 ## - GENERAL NOTE
General note Includes index
650 #0 - SUBJECT ADDED ENTRY--TOPICAL TERM
Topical term or geographic name as entry element Buddhism
Geographic subdivision Southeast Asia
9 (RLIN) 169433
Topical term or geographic name as entry element Buddhism
Geographic subdivision East Asia
9 (RLIN) 169434
942 ## - ADDED ENTRY ELEMENTS (KOHA)
Source of classification or shelving scheme Dewey Decimal Classification
Koha item type Books
Holdings
Lost status Source of classification or shelving scheme Damaged status Not for loan Collection code Permanent Location Current Location Shelving location Date acquired Source of acquisition Total Checkouts Full call number Date last seen Copy number Koha item type
  Dewey Decimal Classification   Not For Loan Non-fiction Central Library, University of Rajshahi Central Library, University of Rajshahi Reading Room 09/02/1974 India Govt.   294.3095 DUB 1966 05/12/2016 C-1 Books